=LDR 00000nam 2200000 4500 =001 NUTBA000000000003949 =005 20250321081137 =035 ##$$a 0010-081400000000794 =008 250321################g##########0#ind## =020 ##$$a 978-979-067-071-6 =040 ##$$a NBPDMAT =082 ##$$a R. 661.03 =084 ##$$a R. 661.03 KEN e =100 ##$$a Keni Andewi =245 1#$$a Ensiklopedia bahan kimia dalam kehidupan sehari-hari /$c Keni Andewi; editor, Sri Dwi Rahayu =260 ##$$a Semarang :$b Sindur Press,$c 2010 =300 ##$$a iv, 132 hlm. : $b ilus. ; $c 25 x 18 cm. =500 ##$$a Bibliografi : hlm. 132 =650 #4$$a Kimia, Bahan - ensiklopedi =700 #$$a Sri Dwi Rahayu =250 ##$$a cet. 1 =990 ##$$a 21409402 =990 ##$$a 21409403 =990 ##$$a 21409404 =990 ##$$a 21409405 =990 ##$$a 21409406 =990 ##$$a 21409402 =990 ##$$a 21409403 =990 ##$$a 21409404 =990 ##$$a 21409405 =990 ##$$a 21409406 =990 ##$$a 21409403 =990 ##$$a 21409402 =990 ##$$a 21409404 =990 ##$$a 21409405 =990 ##$$a 21409406 =990 ##$$a 21409406 =990 ##$$a 21409402 =990 ##$$a 21409403 =990 ##$$a 21409404 =990 ##$$a 21409405 =990 ##$$a 21409405 =990 ##$$a 21409402 =990 ##$$a 21409403 =990 ##$$a 21409404 =990 ##$$a 21409406 =990 ##$$a 21409404 =990 ##$$a 21409402 =990 ##$$a 21409403 =990 ##$$a 21409405 =990 ##$$a 21409406